书目信息 |
| 题名: |
中学语文教学法通论
|
|
| 作者: | ;上海教育学院 编 | |
| 分册: | ||
| 出版信息: | 上海 上海教育出版社 1981 |
|
| 页数: | 374页 | |
| 开本: | 19cm | |
| 丛书名: | ||
| 单 册: | ||
| 中图分类: | G633.3 | |
| 科图分类: | ||
| 主题词: | 中学--语文课 | |
| 电子资源: | ||
| ISBN: | ||
| 000 | 00682nam0 2200241 45 | |
| 001 | 0181009397 | |
| 005 | 20060810165253.34 | |
| 010 | @dCNY0.99 | |
| 091 | @a7150.2508 | |
| 100 | @a19950616d1981 em y0chiy0121 ea | |
| 101 | 0 | @achi |
| 102 | @aCN@b310000 | |
| 105 | @ay z 000yy | |
| 200 | 10 | @a中学语文教学法通论@Azhong xue yu wen jiao xue fa tong lun@f上海教育学院编@FShang Hai Jiao Yu Xue Yuan Bian |
| 210 | @a上海@c上海教育出版社@d1981 | |
| 215 | @a374页@d19cm | |
| 300 | @a上海市中学教师进修教材 | |
| 606 | @a中学@x语文课 | |
| 690 | @aG633.3@v3 | |
| 711 | 02 | @a上海教育学院@4编 |
| 801 | 2 | @aCN@bNLC@c20060810 |
| 801 | 0 | @aCN@b上海图书馆@c20060524 |
| 905 | @dG633.3@e10 | |
| 中学语文教学法通论/上海教育学院编.-上海:上海教育出版社,1981 |
| 374页;19cm |
| 上海市中学教师进修教材 |
| ISBN :CNY0.99 |
| ● |
| 相关链接 |
|
|
|
|
正题名:中学语文教学法通论
索取号:G633.3/10
 
预约/预借
| 序号 | 登录号 | 条形码 | 馆藏地/架位号 | 状态 | 备注 |
| 1 | 0061333 | 202202204 | 密集书库/ [索取号:G633.3/10] | 在馆 | |
| 2 | 0061334 | 202201697 | 密集书库/ [索取号:G633.3/10] | 在馆 | |
| 3 | 0061335 | 001516032 | 密集书库/ [索取号:G633.3/10] | 在馆 | |
| 4 | 0061336 | 001515970 | 密集书库/ [索取号:G633.3/10] | 在馆 | |
| 5 | 0061337 | 002062314 | 第一样本阅览室/ [索取号:G633.3/10] | 在馆 | |
| 6 | 0061338 | 001774440 | 密集书库/ [索取号:G633.3/10] | 在馆 | |
| 7 | 0061339 | 001527583 | 密集书库/ [索取号:G633.3/10] | 在馆 | |
| 8 | 0061340 | 001527592 | 密集书库/ [索取号:G633.3/10] | 在馆 | |
| 9 | 0061341 | 001760892 | 密集书库/ [索取号:G633.3/10] | 在馆 | |
| 10 | 0061343 | 202385506 | 密集书库/ [索取号:G633.3/10] | 在馆 | |
| 11 | 0061344 | 202201731 | 密集书库/ [索取号:G633.3/10] | 在馆 | |
| 12 | 0061345 | 202201688 | 密集书库/ [索取号:G633.3/10] | 在馆 | |
| 13 | 0061346 | 001515890 | 密集书库/ [索取号:G633.3/10] | 在馆 | |
| 14 | 0061347 | 001515854 | 密集书库/ [索取号:G633.3/10] | 在馆 | |
| 15 | 0061348 | 001515907 | 密集书库/ [索取号:G633.3/10] | 在馆 | |
| 16 | 0061349 | 001515863 | 密集书库/ [索取号:G633.3/10] | 在馆 | |
| 17 | 0061350 | 001515952 | 密集书库/ [索取号:G633.3/10] | 在馆 | |
| 18 | 0061351 | 001515916 | 密集书库/ [索取号:G633.3/10] | 在馆 | |
| 19 | 0061352 | 001515872 | 密集书库/ [索取号:G633.3/10] | 在馆 | |
| 20 | 0061353 | 001516041 | 密集书库/ [索取号:G633.3/10] | 在馆 | |
| 21 | 0061354 | 001516005 | 密集书库/ [索取号:G633.3/10] | 在馆 | |
| 22 | 0061355 | 001515961 | 密集书库/ [索取号:G633.3/10] | 在馆 | |
| 23 | 0061356 | 001515925 | 密集书库/ [索取号:G633.3/10] | 在馆 | |
| 24 | 0061357 | 001515881 | 密集书库/ [索取号:G633.3/10] | 在馆 | |
| 25 | 0061358 | 202201768 | 密集书库/ [索取号:G633.3/10] | 在馆 | |
| 26 | 0061359 | 001515989 | 密集书库/ [索取号:G633.3/10] | 在馆 | |
| 27 | 0061360 | 001515934 | 密集书库/ [索取号:G633.3/10] | 在馆 | |
| 28 | 0061361 | 001515943 | 密集书库/ [索取号:G633.3/10] | 在馆 | |
| 29 | 0061362 | 001515998 | 密集书库/ [索取号:G633.3/10] | 在馆 | |
| 30 | 0061363 | 001760801 | 密集书库/ [索取号:G633.3/10] | 在馆 | |
| 31 | 0061364 | 202201722 | 密集书库/ [索取号:G633.3/10] | 在馆 | |
| 32 | 0061365 | 202201777 | 密集书库/ [索取号:G633.3/10] | 在馆 | |
| 33 | 0061366 | 202201811 | 密集书库/ [索取号:G633.3/10] | 在馆 | |
| 34 | 0168434 | 001998869 | 密集书库/ [索取号:G633.3/10] | 在馆 | |
| 35 | 0168435 | 000475676 | 密集书库/ [索取号:G633.3/10] | 在馆 | |
| 36 | 0168436 | 000475596 | 密集书库/ [索取号:G633.3/10] | 在馆 | |
| 37 | 0168437 | 000475630 | 密集书库/ [索取号:G633.3/10] | 在馆 | |
| 38 | 0454004 | 204540041 | 密集书库/ [索取号:G633.3/10] | 在馆 |